000 00327nam a22001337a 4500
022 _a2880700140
082 _a205 CON
100 _aConference of European Churches
245 _aChurches and Islam in Europe (II)
260 _bConference of European Churches
_c1982
300 _a76
650 _aMuslims-Europe
942 _cBK
999 _c19636
_d19636